000 00620nam a22001577a 4500
008 170824b xxu||||| |||| 00| 0 eng d
082 _22017
_aUT 0870
_bR18
100 _922441
_aRase, Patrice Shainne.
245 _aPreference of Customers on Different Remittance Centers in Digos City/
_cPatrice Shainne Rase, Rizza Mae Celocia and Karl Jagape.
260 _aDigos City:
_bUMDC
_cFebruary 2017.
300 _a83 pages;
_c30 cm.
650 0 _922442
_aBusiness Administration
_vMarketing Management
_xUndergraduate thesis.
700 _922443
_aCelocia, Rizza Mae.
700 _922444
_aJagape, Karl.
942 _2ddc
_cUT
999 _c7383
_d7383